Footsteps of A Wamdering Soul/ (Record no. 615432)
[ view plain ]
| 000 -LEADER | |
|---|---|
| fixed length control field | 00407nam a22001457a 4500 |
| 020 ## - INTERNATIONAL STANDARD BOOK NUMBER | |
| International Standard Book Number | 978-969-23560-1-5 |
| 040 ## - CATALOGING SOURCE | |
| Transcribing agency | NUST |
| 082 ## - DEWEY DECIMAL CLASSIFICATION NUMBER | |
| Edition number | 920 AWA |
| 100 ## - MAIN ENTRY--PERSONAL NAME | |
| Personal name | Awan, Manzoor Iqbal |
| 9 (RLIN) | 132164 |
| 245 ## - TITLE STATEMENT | |
| Title | Footsteps of A Wamdering Soul/ |
| Statement of responsibility, etc. | Manzoor Iqbal Awan |
| 250 ## - EDITION STATEMENT | |
| Edition statement | 2nd |
| 260 ## - PUBLICATION, DISTRIBUTION, ETC. | |
| Place of publication, distribution, etc. | Islamabad |
| Name of publisher, distributor, etc. | Print X Pvt Ltd |
| Date of publication, distribution, etc. | 2021 |
| 300 ## - PHYSICAL DESCRIPTION | |
| Extent | xxx, 554 |
| Dimensions | 28cm |
| 942 ## - ADDED ENTRY ELEMENTS (KOHA) | |
| Source of classification or shelving scheme | |
| Koha item type | Book |
| Edition | 2nd |
| Classification part | 920 |
| Call number prefix | AWA |
| Withdrawn status | Lost status | Source of classification or shelving scheme | Materials specified (bound volume or other part) | Damaged status | Not for loan | Permanent Location | Current Location | Shelving location | Date acquired | Shelving control number | Total Checkouts | Full call number | Barcode | Date last seen | Price effective from | Koha item type |
|---|---|---|---|---|---|---|---|---|---|---|---|---|---|---|---|---|
| Donated by Manzoor Iqbal Awan, CIPS | Central Library (CL) | Central Library (CL) | General Stacks | 12/01/2025 | History | 920 AWA | CL-D-3169 | 12/01/2025 | 12/01/2025 | Book | ||||||
| Donated by Manzoor Iqbal Awan, CIPS | Central Library (CL) | Central Library (CL) | General Stacks | 12/01/2025 | History | 920 AWA | CL-D-3170 | 12/01/2025 | 12/01/2025 | Book |
